000 01023nam a2200241 a 4500
001 BRCA_1362
005 20190320203407.0
008 890418r1989----nyua---###---#001-0#eng-#
020 _a0517687917
050 4 _aNK2548
_b.C53 1989
100 1 _aClaret Rubira, José
_94457
245 1 0 _aClassical European Furniture Design
_bFrench, Spanish and English Period Designs
_cJosé Claret Rubira.
260 _aNueva York
_bGramercy
_c1989
300 _a3 v. en 1
_bil.
_c28 cm.
500 _aIncluye índice alfabético
505 0 _aContenido : v.1. Encyclopedia of French Period Furniture Designs. -- v.2. Encyclopedia of Spanish Period Furniture Designs. -- v.3. Encyclopedia of English Period Furniture Designs
650 1 4 _aDiseñadores de muebles
_zFrancia
_94458
650 1 4 _aDiseñadores de muebles
_zEspaña
_94459
650 1 4 _aDiseñadores de muebles
_zInglaterra
_94460
650 1 4 _aDiseñadores
_xEstilos
_94461
700 1 _aClaret Rubira, José
_tMuebles de estilo inglés
_f1989
_lInglés
_94462
942 _2lcc
_cB
999 _c1224
_d1224